Vainqueurs du Master 1000 de Cincinnati - Statistiques

Statistiques générales
  • Ce quiz a été pris 27 fois
  • Le résultat moyen est 26 sur 35
Statistiques - réponses
Champions % Correct
2023 Djokovic
100%
2020 Djokovic
100%
2018 Djokovic
100%
2015 Federer
100%
2014 Federer
100%
2012 Federer
100%
2010 Federer
100%
2009 Federer
100%
2007 Federer
100%
2005 Federer
100%
2011 Murray
100%
2008 Murray
100%
2024 Sinner
100%
2013 Nadal
95%
2004 Agassi
86%
1996 Agassi
86%
1995 Agassi
86%
1999 Sampras
86%
1997 Sampras
86%
1992 Sampras
86%
2019 Medvedev
82%
2021 Zverev
82%
2016 Cilic
55%
2017 Dimitrov
55%
2022 Coric
50%
2006 Roddick
50%
2003 Roddick
50%
1994 Chang
45%
1993 Chang
45%
1990 Edberg
41%
2001 Kuerten
36%
2002 Moya
32%
1998 Rafter
27%
1991 Forget
23%
2000 Enqvist
18%
Aucun quiz correspondant
Distribution des résultats
% des personnes avec chaque résultat
Percentile par nombre de réponses
Votre historique - résultats
Vous n’avez pas pris ce quiz